00506nam a2200157Ia 450000500170000000800410001708200130005810000190007124500580009026000450014830000120019350000230020594200060022895200990023499900150033320250314021715.0240331s9999 xx 000 0 und d bGUNa894 aGunaratnam, S  0aSontham eppothum thodar kathaithan and puthiya pathai aBatticaloab St. Sebastian Achagamc1990 a49 p ., aKuru Naval inaippu cL 001040708LaWERCLbWERCLcSSCd2024-03-31l0o 894.811 GUNp5384r2024-03-31w2024-03-31yL c3871d3871